000
00338nam a22001457a 4500
020
_a
978-9393159045
041
_a
ENG
100
_a
Raghunath .H.M
245
_a
Hydrology .Principles .Analysis.Design
250
_a
Revised ED
260
_a
Delhi
_b
New Age International Pub
_c
2000
300
_a
463
650
_a
SWCE
856
_u
SWCE
999
_c
592
_d
592